000 00644nam a2200253Ia 4500
003 OSt
005 20220924143723.0
006 a|||||r|||| 00| 0
007 ta
008 220923b |||||||| |||| 00| 0 urd d
020 _c100
024 _a309808
037 _cTextual
040 _aARTS
_cARTS
_burd
041 _2urd
_aurd
082 _aO168wM853, M8
100 _aMuzaffar Balkani
_9216672
245 0 _aFashiuddin balkhi
_b Hayat aur karname
260 _c1988
300 _a388p.
_ccm.
650 _aURDU LITERATURE
942 _hO168wM853, M8
_cTEXL
_2CC
999 _c455512
_d455512